Name All Of The Penguin Species - Statistics

General Stats
  • This quiz has been taken 32 times
  • The average score is 8 of 18
Answer Stats
Location Conservation
Status
PENGUIN! % Correct
Antarctica Near Threatened Emperor
93%
Sub-antarctic Islands Least Concerned King
79%
Australia and New Zealand Least Concerned Blue/little/fairy
71%
Galapagos Islands Endangered Galapagos
68%
South Africa and Namibia Endangered African
64%
Antarctica, South and Indian Islands Vulnerable Macaroni
64%
Most of Southern South America Least Concerned Magellanic
46%
Sub-antarctic islands and South AtlanticIslands Endangered Northern Rockhopper
46%
Antarctica and SouthAtlantic Islands Least Concerned Gentoo
43%
Sub-antarctic islands South AtlanticIndian and Pacific coasts and islands Vulnerable Southern Rockhopper
43%
Antarctica and Sub Antarctic Islands Least Concerned Adele
39%
Western South America Vulnerable Humboldt
39%
Sub-antarctic islands Least Concerned Chinstrap
36%
Macquarie Island and surrounding islands Least Concerned Royal
32%
New Zealand Near Threatened Fiordland
21%
New Zealand Vulnerable Snares
21%
New Zealand Endangered Yellow Eyed
21%
New Zealand Endangered Erected Crest
4%
No matching quizzes found
Score Distribution
Percent of People with Each Score
Percentile by Number Answered
Your Score History
You have not taken this quiz